00531nam a2200157Ia 4500008004100000082001300041100001500054245003200069260002700101300000800128630003200136730003200168942000900200999001900209952014500228100122s9999 xx 000 0 und d b56204a1 aKHATAI S W aTEST YOUR GENERAL KNOWLEDGE bVASAN BOOK DEPOTc1999 a207 aTEST YOUR GENERAL KNOWLEDGE aTEST YOUR GENERAL KNOWLEDGE cBOOK c376638d376635 00104070aSVPPARLEbSVPPARLEd1999-06-10g40.00l0o56204pSVPPARLE-56204r2010-01-25 00:00:00v40.00w2010-01-25yBOOKz", , General, NA"